Statistics for Largest pop. Countries never winning an Olympic Medal

Click here to take the quiz!

General Stats

  • This quiz has been taken 43 times
  • The average score is 12 of 20

Answer Stats

HintAnswer% Correct
166 million - 9 olympics (Asia)Bangladesh
97%
84 million - 10 olympics (Africa)Congo DR
84%
53 million - 17 olympics (Asia)Myanmar
71%
11 million - 20 olympics (S. America)Bolivia
66%
15 million - 12 olympics (Africa)Chad
66%
6 million - 9 olympics (Asia)Laos
66%
16 million - 9 olympics (Asia)Cambodia
63%
6 million - 10 olympics (Africa)Libya
55%
19 million - 10 olympics (Africa)Malawi
55%
15 million - 9 olympics (Africa)Somalia
55%
28 million - 7 olympics (Asia)Yemen
55%
9 million - 12 olympics (N. America)Honduras
53%
19 million - 13 olympics (Africa)Mali
53%
19 million - 9 olympics (Africa)Burkina Faso
50%
8 million - 10 olympics (Oceania)PNG
50%
6 million - 12 olympics (N. America)Nicaragua
47%
12 million - 9 olympics (Africa)Rwanda
47%
6 million - 11 olympics (N. America)El Salvador
42%
13 million - 11 olympics (Africa)Guinea
42%
6 million - 6 olympics (Asia)Turkmenistan
37%

Score Distribution

Percentile by Number Answered

Percent of People with Each Score

Your Score History

You have not taken this quiz